Muamalah Muslim dengan non-Muslim menurut Muhammad Abduh : studi tentang nikah, makanan, sembelihan, jizyah serta muamalah dalam pengembangan dakwah Islamiyah /
Saved in:
| Main Author: | |
|---|---|
| Format: | Thesis |
| Language: | Indonesian |
| Published: |
Jakarta :
Fakultas Syri'ah, Universitas Islam Negeri (UIN) Syarif Hidayatullah,
2004
|
| Subjects: | |
| Tags: |
Add Tag
No Tags, Be the first to tag this record!
|
| LEADER | 012960000a22003010004500 | ||
|---|---|---|---|
| 001 | 485888 | ||
| 005 | 20100401090000.0 | ||
| 008 | 110318s2004 io g 00 0 ind d | ||
| 035 | |a (Sirsi) 485888 | ||
| 040 | |a UIAM |b eng | ||
| 041 | |a ind | ||
| 043 | |a a-io-- | ||
| 050 | |a BP80.M8 | ||
| 100 | 1 | |a Hanapi, Agustin | |
| 245 | 1 | 0 | |a Muamalah Muslim dengan non-Muslim menurut Muhammad Abduh : |b studi tentang nikah, makanan, sembelihan, jizyah serta muamalah dalam pengembangan dakwah Islamiyah / |c oleh Agustin Hanapi |
| 260 | |a Jakarta : |b Fakultas Syri'ah, Universitas Islam Negeri (UIN) Syarif Hidayatullah, |c 2004 | ||
| 300 | |a viii, 195 leaves ; |c 30 cm. | ||
| 500 | |a "Tesis diajukan untuk memperoleh Gelar Magister dalam Ilmu Agama Islam"--On t.p. | ||
| 502 | |a Thesis (MA)--Universitas Islam Negeri Syarif Hidayatullah Jakarta, 2004. | ||
| 504 | |a Includes bibliographical references (leaves 190-195). | ||
| 596 | |a 1 | ||
| 600 | 1 | 0 | |a Muhammad 'Abduh, |d 1849-1905 |
| 650 | 0 | |a Islam |x Relations | |
| 650 | 0 | |a Interfaith marriage | |
| 655 | 0 | 7 | |a Theses, Facsimile edition (Islamic) |
| 900 | |a hj-mz-his-naw | ||
| 999 | |c 433513 |d 466913 | ||
| 952 | |0 0 |6 TI BP 000080 M8 H233M 2004 |7 0 |8 THESES |9 753329 |a IIUM |b IIUM |c MULTIMEDIA |g 199.20 |o ti BP 80 M8 H233M 2004 |p 00011171109 |r 2017-10-23 |t 1 |v 199.20 |y THESIS | ||
